000 00345nam a2200133Ia 4500
008 210210b1834 xxu||||| |||| 00| 0 eng d
082 _a306.0973 PHIS
100 _aPHILLIPS (Derek L).
245 _aStudied in American society.
260 _aNY
_bThomas Y Crowell company
_c1834
300 _a262
690 _aAmerican Society
906 _a041079
999 _c90709
_d90709